Sobre las épocas de la historia moderna
Salvato in:
| Autore principale: | |
|---|---|
| Natura: | Libro |
| Lingua: | spagnolo |
| Pubblicazione: |
Madrid, España
Nacional
1984
|
| Serie: | Clásicos para una Biblioteca Contemporánea
|
| Soggetti: | |
| Tags: |
Aggiungi Tag
Nessun Tag, puoi essere il primo ad aggiungerne!!
|
MARC
| LEADER | 00000nam a2200000 a 4500 | ||
|---|---|---|---|
| 001 | UCX2568 | ||
| 003 | CL-VaPUC | ||
| 005 | 20210709001823.0 | ||
| 008 | 910626e19840000SP |||||||||||||||||spa|d | ||
| 999 | |c 223561 |d 223559 | ||
| 040 | |c Pontificia Universidad Católica de Valparaíso | ||
| 082 | 0 | 4 | |a 940.2 RAN 1984 |2 21 |
| 100 | 0 | |a Ranke, Leopold von |e author |9 318535 | |
| 245 | 1 | 0 | |a Sobre las épocas de la historia moderna |
| 260 | |a Madrid, España |b Nacional |c 1984 | ||
| 300 | |a 346 páginas | ||
| 490 | 0 | |a Clásicos para una Biblioteca Contemporánea | |
| 583 | |a last modification |c 19910626 00:00:00 |k Rodrigo Vera | ||
| 650 | 0 | |a Historia moderna |9 268036 | |
| 650 | 0 | |a Filosofía de la historia |9 265651 | |
| 651 | 0 | |a Europa |9 255156 | |
| 942 | |c BK |2 ddc | ||
| 945 | |d 19910626 00:00:00 |a oaravena | ||
| 952 | |0 0 |1 0 |2 ddc |4 0 |6 940_200000000000000_RAN_1984 |7 0 |8 A |9 219499 |a BIBHIS |b BIBHIS |d 2019-11-15 |i 2882078 |o 940.2 RAN 1984 |p 2882078 |r 2025-01-20 |t 2 |w 2019-11-15 |y BK |k HIS | ||
| 952 | |0 0 |1 0 |2 ddc |4 0 |6 940_200000000000000_RAN_1984 |7 0 |8 A |9 219500 |a BIBART |b BIBART |d 2019-11-15 |i 3016714 |o 940.2 RAN 1984 |p 3016714 |r 2025-03-13 |t 1 |w 2019-11-15 |y BK |k ART | ||